000 00732pam a2200205 i 4500
001 3193350
005 20180116044632.0
008 770916s1978 nyua d 000 0 eng
010 _a 77013876
020 _a0070404313
040 _aDLC
_cDLC
_dDLC
041 _aeng
080 _a621.38103 MAR
082 0 0 _a621.38103 MAR
100 1 _a27
101 _aIM
245 1 0 _aElectronics dictionary :
_cJohn Markus.
906 _a7
_bcbc
_corignew
_d1
_eocip
_f19
_gy-gencatlg
942 _2ddc
_cBK
999 _c40356
_d40356